| 000 | 00551cam a2200169 a 4500 | ||
|---|---|---|---|
| 020 | _a0195794133 | ||
| 082 |
_a3551.1 _bMIT _cN-01, P-90 |
||
| 100 | 1 |
_aMitha, Aboobaker Osman. _948773 |
|
| 245 | 1 | 0 |
_aUnlikely beginnings : _ba soldier's life / _cA.O. Mitha. |
| 260 |
_aKarachi : _bOxford University Press, _c2003. |
||
| 300 |
_axiv, 443 p. : _bill. ; _c23 cm. |
||
| 500 | _aIncludes bibliographical references and index. | ||
| 526 |
_a0 _b0 _c0 _d3551_100000000000000_MIT |
||
| 650 | 0 |
_aMCE _9379 |
|
| 650 | 0 |
_aSoldiers _zPakistan _948774 |
|
| 942 |
_2ddc _cBK |
||
| 999 |
_c551630 _d551630 |
||